Συστήματα, οικοσυστήματα και βιωσιμότητα : φαινόμενα θερμοδυναμικής και αυτοοργάνωσης στο σύγχρονο κόσμο

Αποθηκεύτηκε σε:
Λεπτομέρειες βιβλιογραφικής εγγραφής
Κύριος συγγραφέας: Γιαννακοπούλου, Τρισεύγενη
Μορφή: Βιβλίο
Γλώσσα:Greek
Δημοσίευση: Θεσσαλονίκη : Ζυγός, c2008.
Θέματα:
Ετικέτες: Προσθήκη ετικέτας
Δεν υπάρχουν, Καταχωρήστε ετικέτα πρώτοι!

MARC

LEADER 00000cam a2200000 a 4500
001 1/110989
008 160603s2008####gr | ||| |||| ||gre||
020 |a 9789608065611  
040 |a GR-MyUa  |b gre  |c GR-MyUa  |e AACR2 
041 0 |a gre 
082 7 |a 577.0151   |2 (23)  
100 1 |a Γιαννακοπούλου, Τρισεύγενη. 
245 1 0 |a Συστήματα, οικοσυστήματα και βιωσιμότητα :   |b φαινόμενα θερμοδυναμικής και αυτοοργάνωσης στο σύγχρονο κόσμο /   |c Τρισεύγενη Γιαννακοπούλου.  
260 |a Θεσσαλονίκη :   |b Ζυγός,   |c c2008.  
300 |a 435 σ.;   |b σχ.;   |c 24 εκ.  
504 |a Περιλαμβάνει βιβλιογραφία και ευρετήριο.  
650 0 |a Biotic communities. 
650 0 |a Biodiversity  |x Effect of air pollution on. 
650 0 |a Ecosystem management. 
852 |a INST  |b LEMNOS  |c EUDOXUS  |e 20160603  |h 577.0151 ΓΙΑ  |p 005600001232  |q 005600001232  |t EDX  |y 0 
920 |a Εύδοξος  |b Παραγγελία  |y Λήμνος-ΤΕΤΔ  |z 2016-05